[Event "HUN-chT 2425"]
[Site "Hungary"]
[Date "2024.12.14"]
[Round "3.7"]
[White "Jakab, Bela"]
[Black "Blasko, Istvan"]
[Result "1/2-1/2"]
[WhiteElo "2361"]
[BlackElo "2259"]
[PlyCount "83"]
[EventDate "2024.11.02"]
[EventType "team-tourn"]
[EventRounds "9"]
[EventCountry "HUN"]
[SourceTitle "CB16_2025"]
[SourceDate "2025.04.16"]
[SourceVersion "1"]
[SourceVersionDate "2025.04.16"]
[SourceQuality "1"]
[WhiteTeam "Budapest MTK"]
[BlackTeam "Kekes"]
[WhiteTeamCountry "HUN"]
[BlackTeamCountry "HUN"]

1. e4 c5 2. Nf3 d6 3. Bb5+ Bd7 4. Bxd7+ Qxd7 5. 0-0 Nc6 6. c3 g6 7. d4 cxd4 8. cxd4 Bg7 9. Nc3 Nf6 10. d5 Ne5 11. Nxe5 dxe5 12. f4 exf4 13. Bxf4 0-0 14. Qe2 b5 15. Nxb5 Nh5 16. Nc3 Nxf4 17. Rxf4 Be5 18. Rf3 Rab8 19. Raf1 f6 20. Nd1 Rfc8 21. Rd3 Rc1 22. Rd2 Qc7 23. g3 Qc4 24. Qxc4 Rxc4 25. Re2 a5 26. Kf2 a4 27. Kf3 Rc1 28. Ne3 Rxf1+ 29. Nxf1 Bxb2 30. Ke3 Be5 31. Nd2 Bd6 32. Kd3 Bc5 33. Nc4 Rb1 34. Nb2 a3 35. Na4 Bd6 36. Nc3 Rb4 37. Rc2 Kf7 38. Nd1 Be5 39. Rc4 Rb1 40. Ne3 Ra1 41. Rc2 Bb2 42. Kc4 1/2-1/2

[Event "HUN-chT 2425"]
[Site "Hungary"]
[Date "2024.11.02"]
[Round "1.37"]
[White "Medvegy, Zoltan"]
[Black "Blasko, Istvan"]
[Result "1-0"]
[WhiteElo "2514"]
[BlackElo "2259"]
[PlyCount "92"]
[EventDate "2024.11.02"]
[EventType "team-tourn"]
[EventRounds "9"]
[EventCountry "HUN"]
[SourceTitle "CB45_2024"]
[Source "ChessBase"]
[SourceDate "2024.11.06"]
[SourceVersion "1"]
[SourceVersionDate "2024.11.06"]
[SourceQuality "1"]
[WhiteTeam "Tungsram ANSK"]
[BlackTeam "Kekes"]
[WhiteTeamCountry "HUN"]
[BlackTeamCountry "HUN"]

1. e4 e6 2. d4 d5 3. Nc3 dxe4 4. Nxe4 Nd7 5. Nf3 Be7 6. Bd3 Ngf6 7. Nxf6+ Bxf6 8. 0-0 c5 9. c3 0-0 10. Bf4 cxd4 11. cxd4 Nb6 12. Be4 Nd5 13. Be5 Be7 14. Qc2 f5 15. Bxd5 Qxd5 16. Ne1 Bd7 17. Nd3 Rac8 18. Qd2 Bc6 19. f3 Qd7 20. Rfe1 Bb5 21. Nf4 Bg5 22. Qf2 Bxf4 23. Bxf4 Bc4 24. d5 Bxd5 25. Qxa7 Rc2 26. Rac1 Rfc8 27. Rxc2 Rxc2 28. Rc1 Rxc1+ 29. Bxc1 Qc7 30. Bd2 Qd7 31. Bc3 Bc6 32. Qb8+ Qe8 33. Qe5 Qd7 34. Kf2 h6 35. b3 b5 36. Ke3 Bd5 37. Bd4 Kh7 38. Kd2 g5 39. Qh8+ Kg6 40. Qf6+ Kh7 41. g4 fxg4 42. fxg4 e5 43. Qxe5 Qf7 44. Kc3 Bf3 45. h3 Bg2 46. Qxb5 Qe8 1-0

[Event "HUN-chT1 Maroczy 2223"]
[Site "Hungary"]
[Date "2023.03.12"]
[Round "7.7"]
[White "Horvath, Kristof"]
[Black "Blasko, Istvan"]
[Result "1/2-1/2"]
[WhiteElo "2063"]
[BlackElo "2279"]
[PlyCount "59"]
[EventDate "2022.11.20"]
[EventType "team-tourn"]
[EventRounds "9"]
[EventCountry "HUN"]
[SourceTitle "EXT 2025"]
[Source "ChessBase"]
[SourceDate "2024.10.14"]
[SourceVersion "1"]
[SourceVersionDate "2024.10.14"]
[SourceQuality "1"]
[WhiteTeam "DVTK"]
[BlackTeam "Kekes"]
[WhiteTeamCountry "HUN"]
[BlackTeamCountry "HUN"]

1. e4 c5 2. c3 Nf6 3. e5 Nd5 4. Nf3 e6 5. d4 cxd4 6. cxd4 Nc6 7. Bc4 Nb6 8. Bd3 h6 9. Nc3 d6 10. Qe2 d5 11. 0-0 Bd7 12. Be3 Nb4 13. Bb1 Be7 14. Nd2 Rc8 15. a3 Nc6 16. Qg4 Kf8 17. f4 g6 18. Ne2 h5 19. Qf3 Nc4 20. Nxc4 dxc4 21. Be4 Kg7 22. Rad1 Qc7 23. h3 Na5 24. d5 exd5 25. Bxd5 Bc5 26. Bxc5 Qxc5+ 27. Kh2 Bg4 28. Qe4 Bf5 29. Qf3 Bg4 30. Qe4 1/2-1/2

[Event "HUN-chT2 Erkel 2122"]
[Site "Hungary"]
[Date "2021.12.19"]
[Round "4.4"]
[White "Blasko, Istvan"]
[Black "Kokeny, Norbert Adrian"]
[Result "1/2-1/2"]
[WhiteElo "2288"]
[BlackElo "2338"]
[PlyCount "36"]
[EventDate "2021.10.10"]
[EventType "team-tourn"]
[EventRounds "9"]
[EventCountry "HUN"]
[SourceTitle "EXT 2025"]
[Source "ChessBase"]
[SourceDate "2024.10.14"]
[SourceVersion "1"]
[SourceVersionDate "2024.10.14"]
[SourceQuality "1"]
[WhiteTeam "Kekes"]
[BlackTeam "Dunaharaszti II"]
[WhiteTeamCountry "HUN"]
[BlackTeamCountry "HUN"]

1. d4 Nf6 2. c4 e6 3. Nf3 Bb4+ 4. Bd2 Qe7 5. g3 b6 6. Bg2 Bb7 7. 0-0 0-0 8. Bf4 Bd6 9. Bxd6 Qxd6 10. Nc3 Qe7 11. Rc1 Ne4 12. d5 Nxc3 13. Rxc3 d6 14. dxe6 fxe6 15. Qc2 Nd7 16. Ng5 Qxg5 17. Bxb7 Rae8 18. Bg2 Re7 1/2-1/2

[Event "HUN-chT2 Erkel 2122"]
[Site "Hungary"]
[Date "2021.12.05"]
[Round "3.3"]
[White "Blasko, Istvan"]
[Black "Bokros, Istvan"]
[Result "1-0"]
[WhiteElo "2288"]
[BlackElo "2077"]
[PlyCount "53"]
[EventDate "2021.10.10"]
[EventType "team-tourn"]
[EventRounds "9"]
[EventCountry "HUN"]
[SourceTitle "EXT 2025"]
[Source "ChessBase"]
[SourceDate "2024.10.14"]
[SourceVersion "1"]
[SourceVersionDate "2024.10.14"]
[SourceQuality "1"]
[WhiteTeam "Kekes"]
[BlackTeam "Fot"]
[WhiteTeamCountry "HUN"]
[BlackTeamCountry "HUN"]

1. d4 Nf6 2. e3 e6 3. Bd3 c5 4. c3 Nc6 5. f4 b6 6. Nf3 Bb7 7. 0-0 Rc8 8. Qe2 Qc7 9. a3 Be7 10. e4 cxd4 11. cxd4 d5 12. e5 Ne4 13. Nbd2 Nxd2 14. Bxd2 0-0 15. f5 Qd7 16. f6 gxf6 17. exf6 Bxf6 18. Ne5 Bxe5 19. dxe5 f5 20. exf6 Rf7 21. Bh6 Re8 22. Qg4+ Kh8 23. Rae1 Nd8 24. Re5 Rg8 25. Rg5 Rxg5 26. Qxg5 Nc6 27. Rf3 1-0

[Event "HUN-chT2 Erkel 2122"]
[Site "Hungary"]
[Date "2021.10.10"]
[Round "1.4"]
[White "Szabo, Zsolt2"]
[Black "Blasko, Istvan"]
[Result "0-1"]
[WhiteElo "2271"]
[BlackElo "2286"]
[PlyCount "69"]
[EventDate "2021.10.10"]
[EventType "team-tourn"]
[EventRounds "9"]
[EventCountry "HUN"]
[SourceTitle "EXT 2025"]
[Source "ChessBase"]
[SourceDate "2024.10.14"]
[SourceVersion "1"]
[SourceVersionDate "2024.10.14"]
[SourceQuality "1"]
[WhiteTeam "HASE"]
[BlackTeam "Kekes"]
[WhiteTeamCountry "HUN"]
[BlackTeamCountry "HUN"]

1. d4 Nf6 2. c4 g6 3. Nc3 d5 4. Nf3 Bg7 5. cxd5 Nxd5 6. e3 0-0 7. Bc4 Nxc3 8. bxc3 c5 9. 0-0 Qc7 10. Bd3 Nd7 11. Qe2 e5 12. d5 e4 13. Bxe4 Nf6 14. Nd2 Nxe4 15. Nxe4 Qe5 16. Nxc5 Qxd5 17. Ba3 Re8 18. Rad1 Qc6 19. Nb3 Qxc3 20. Bc5 Be6 21. Rc1 Qf6 22. Bd4 Qe7 23. Bxg7 Kxg7 24. Nc5 Bd5 25. e4 Bc6 26. Qb2+ Qe5 27. Rc3 Rad8 28. h3 Kg8 29. Re1 b6 30. Nb3 Rd3 31. Rc2 Qxb2 32. Rxb2 Rxe4 33. Rc1 Bd5 34. Rc7 a5 35. f3 0-1

[Event "HUN-chT2 Erkel 1718"]
[Site "Hungary"]
[Date "2018.03.25"]
[Round "10.1"]
[White "Grimm, Daniel"]
[Black "Blasko, Istvan"]
[Result "1/2-1/2"]
[WhiteElo "2319"]
[BlackElo "2337"]
[PlyCount "23"]
[EventDate "2017.09.24"]
[EventType "team-tourn"]
[EventRounds "11"]
[EventCountry "HUN"]
[SourceTitle "EXT 2021"]
[Source "ChessBase"]
[SourceDate "2020.10.23"]
[SourceVersion "1"]
[SourceVersionDate "2020.10.23"]
[SourceQuality "1"]
[WhiteTeam "Budapest EAC"]
[BlackTeam "Jaszbereny"]
[WhiteTeamCountry "HUN"]
[BlackTeamCountry "HUN"]

1. e4 c5 2. Nf3 d6 3. d4 cxd4 4. Qxd4 Nc6 5. Bb5 Bd7 6. Bxc6 Bxc6 7. Nc3 Nf6 8. Bg5 e6 9. 0-0-0 Be7 10. Rhe1 0-0 11. Kb1 Qa5 12. Qd2 1/2-1/2

[Event "HUN-chT2 Erkel 1617"]
[Site "Hungary"]
[Date "2017.02.26"]
[Round "9.1"]
[White "Nogrady, Vilmos"]
[Black "Blasko, Istvan"]
[Result "0-1"]
[WhiteElo "2153"]
[BlackElo "2335"]
[PlyCount "108"]
[EventDate "2016.09.25"]
[EventType "team-tourn"]
[EventRounds "11"]
[EventCountry "HUN"]
[SourceTitle "EXT 2021"]
[Source "ChessBase"]
[SourceDate "2020.10.23"]
[SourceVersion "1"]
[SourceVersionDate "2020.10.23"]
[SourceQuality "1"]
[WhiteTeam "Fot"]
[BlackTeam "Jaszbereny"]
[WhiteTeamCountry "HUN"]
[BlackTeamCountry "HUN"]

1. d4 Nf6 2. c4 c5 3. Nf3 cxd4 4. Nxd4 Nc6 5. Nxc6 bxc6 6. g3 g6 7. b3 Bg7 8. Bb2 Qb6 9. e3 d5 10. cxd5 cxd5 11. Qd4 0-0 12. Qxb6 axb6 13. Bd4 Ne4 14. Bxg7 Kxg7 15. f3 Nc5 16. Nc3 Bb7 17. Be2 d4 18. exd4 Nxb3 19. Rb1 Nxd4 20. Kf2 Rfc8 21. Rhd1 Nxe2 22. Nxe2 Rxa2 23. Ke3 Ra3+ 24. Rd3 Rxd3+ 25. Kxd3 Ba6+ 26. Ke3 Bxe2 27. Kxe2 Rb8 28. Rb5 Kf6 29. Ke3 Ke6 30. Kf4 f6 31. h3 Kd6 32. Ke4 Kc6 33. Rb1 b5 34. Rc1+ Kd6 35. Rd1+ Ke6 36. Rb1 b4 37. Rb3 Kd6 38. Kd4 e5+ 39. Kc4 Rc8+ 40. Kd3 Rc3+ 41. Rxc3 bxc3 42. Kxc3 Kd5 43. Kd3 f5 44. Ke3 h5 45. Kd3 e4+ 46. Ke3 Ke5 47. Ke2 Kd4 48. fxe4 fxe4 49. g4 h4 50. Kd2 e3+ 51. Ke2 Ke4 52. Kf1 Kf3 53. g5 Kg3 54. Ke2 Kxh3 0-1

[Event "HUN-chT2 Erkel 1617"]
[Site "Hungary"]
[Date "2016.12.11"]
[Round "6.1"]
[White "Blasko, Istvan"]
[Black "Mede, Istvan"]
[Result "1/2-1/2"]
[WhiteElo "2335"]
[BlackElo "2256"]
[PlyCount "28"]
[EventDate "2016.09.25"]
[EventType "team-tourn"]
[EventRounds "11"]
[EventCountry "HUN"]
[SourceTitle "EXT 2021"]
[Source "ChessBase"]
[SourceDate "2020.10.23"]
[SourceVersion "1"]
[SourceVersionDate "2020.10.23"]
[SourceQuality "1"]
[WhiteTeam "Jaszbereny"]
[BlackTeam "Salgotarjan"]
[WhiteTeamCountry "HUN"]
[BlackTeamCountry "HUN"]

1. e4 e5 2. Nf3 Nc6 3. Bb5 a6 4. Bxc6 dxc6 5. d4 exd4 6. Qxd4 Qxd4 7. Nxd4 Bd7 8. 0-0 c5 9. Nb3 0-0-0 10. Nc3 Bc6 11. Be3 b6 12. Rad1 Rxd1 13. Rxd1 Nf6 14. f3 Be7 1/2-1/2

[Event "HUN-chT2 Erkel 1617"]
[Site "Hungary"]
[Date "2016.10.09"]
[Round "2.1"]
[White "Levay, Sorin"]
[Black "Blasko, Istvan"]
[Result "1-0"]
[WhiteElo "2217"]
[BlackElo "2335"]
[PlyCount "79"]
[EventDate "2016.09.25"]
[EventType "team-tourn"]
[EventRounds "11"]
[EventCountry "HUN"]
[SourceTitle "EXT 2021"]
[Source "ChessBase"]
[SourceDate "2020.10.23"]
[SourceVersion "1"]
[SourceVersionDate "2020.10.23"]
[SourceQuality "1"]
[WhiteTeam "Gyongyos Matra"]
[BlackTeam "Jaszbereny"]
[WhiteTeamCountry "HUN"]
[BlackTeamCountry "HUN"]

1. Nf3 Nf6 2. g3 g6 3. Bg2 Bg7 4. 0-0 0-0 5. d4 d5 6. c4 dxc4 7. Na3 Nc6 8. Nxc4 Be6 9. b3 Bd5 10. e3 Qc8 11. Qe2 Rd8 12. Bb2 a5 13. a4 h6 14. Rac1 Qe6 15. Rfd1 g5 16. h3 Ne4 17. Kh2 f5 18. Ne1 b6 19. Nd3 Nb4 20. f3 Nxd3 21. Rxd3 Nd6 22. Qc2 f4 23. gxf4 gxf4 24. e4 Bxc4 25. bxc4 Nf7 26. c5 Qf6 27. Rg1 Kh8 28. Bf1 Rg8 29. Rb3 Rab8 30. Bc4 e6 31. e5 Qe7 32. cxb6 Rxb6 33. Rxb6 cxb6 34. Qb3 Qh4 35. Rg4 Qe1 36. Bxe6 Ng5 37. Rg2 Qf1 38. Bg4 Rc8 39. h4 Rc1 40. Bxc1 1-0

[Event "HUN-chT2 Erkel 1314"]
[Site "Hungary"]
[Date "2014.04.27"]
[Round "11.2"]
[White "Kovacs, Lajos1"]
[Black "Blasko, Istvan"]
[Result "1/2-1/2"]
[WhiteElo "2227"]
[BlackElo "2303"]
[PlyCount "23"]
[EventDate "2013.09.08"]
[EventType "team-tourn"]
[EventRounds "11"]
[EventCountry "HUN"]
[SourceTitle "EXT 2016"]
[Source "ChessBase"]
[SourceDate "2015.10.08"]
[SourceVersion "1"]
[SourceVersionDate "2015.10.08"]
[SourceQuality "1"]
[WhiteTeam "Dunaharaszti II"]
[BlackTeam "Gyongyos Matra"]
[WhiteTeamCountry "HUN"]
[BlackTeamCountry "HUN"]

1. Nf3 Nf6 2. d4 g6 3. g3 Bg7 4. Bg2 0-0 5. 0-0 d5 6. Nbd2 Nc6 7. Re1 Bf5 8. c3 Qc8 9. Qb3 Rd8 10. Ng5 h6 11. Ngf3 g5 12. h4 1/2-1/2

[Event "HUN-chT2 Erkel 1314"]
[Site "Hungary"]
[Date "2013.10.20"]
[Round "3.1"]
[White "Bednay, Dezso"]
[Black "Blasko, Istvan"]
[Result "0-1"]
[WhiteElo "2252"]
[BlackElo "2303"]
[PlyCount "30"]
[EventDate "2013.09.08"]
[EventType "team-tourn"]
[EventRounds "11"]
[EventCountry "HUN"]
[SourceTitle "EXT 2016"]
[Source "ChessBase"]
[SourceDate "2015.10.08"]
[SourceVersion "1"]
[SourceVersionDate "2015.10.08"]
[SourceQuality "1"]
[WhiteTeam "Budapest EAC II"]
[BlackTeam "Gyongyos Matra"]
[WhiteTeamCountry "HUN"]
[BlackTeamCountry "HUN"]

1. e4 c5 2. Nf3 d6 3. c4 Nc6 4. d4 Bg4 5. d5 Bxf3 6. Qxf3 Nd4 7. Qd1 g6 8. Nc3 Bg7 9. Bd3 Nf6 10. Be3 Nd7 11. 0-0 0-0 12. Qd2 a6 13. Rab1 Qa5 14. a3 Ne5 15. Rfd1 Ndf3+ 0-1

[Event "HUN-chT2 Erkel 1213"]
[Site "Hungary"]
[Date "2013.03.24"]
[Round "9.1"]
[White "Blasko, Istvan"]
[Black "Horvath, Gabor"]
[Result "0-1"]
[WhiteElo "2323"]
[BlackElo "2256"]
[PlyCount "108"]
[EventDate "2012.09.16"]
[EventType "team-tourn"]
[EventRounds "11"]
[EventCountry "HUN"]
[SourceTitle "EXT 2014"]
[Source "ChessBase"]
[SourceDate "2013.11.20"]
[SourceVersion "1"]
[SourceVersionDate "2013.11.20"]
[SourceQuality "1"]
[WhiteTeam "Matra"]
[BlackTeam "Barcza"]
[WhiteTeamCountry "HUN"]
[BlackTeamCountry "HUN"]

1. d4 Nf6 2. c4 g6 3. Nc3 Bg7 4. e4 d6 5. Be2 0-0 6. Nf3 e5 7. dxe5 dxe5 8. Qxd8 Rxd8 9. Bg5 Re8 10. 0-0-0 Na6 11. Ne1 Nc5 12. f3 c6 13. Nc2 a5 14. Be3 Nfd7 15. b3 f5 16. Kb2 Bf8 17. exf5 gxf5 18. Rhe1 Nf6 19. a3 Ne6 20. Bf1 Bg7 21. Na4 e4 22. Ka2 f4 23. Nb6 Rb8 24. Bd2 a4 25. b4 e3 26. Bc3 Nc7 27. g3 Bf5 28. Nd4 Bg6 29. gxf4 Nh5 30. Ne2 Bxc3 31. Nxc3 Nxf4 32. Nd7 Bc2 33. Rd6 e2 34. Bxe2 Red8 35. Ne4 Rbc8 36. c5 Bb3+ 37. Ka1 Ncd5 38. Bd1 Kh8 39. Rg1 Rg8 40. Rxg8+ Rxg8 41. Bxb3 Rg1+ 42. Ka2 Rg2+ 43. Kb1 axb3 44. Ne5 Ne2 45. Rd8+ Kg7 46. Rd7+ Kh6 47. Rd6+ Kh5 48. Rxd5 cxd5 49. Nf6+ Kg5 50. Nxd5 Nd4 51. a4 Ra2 52. a5 Nb5 53. Nc4 Rc2 54. f4+ Kh4 0-1

[Event "HUN-chT2 Erkel 1213"]
[Site "Hungary"]
[Date "2012.11.18"]
[Round "4.1"]
[White "Deak, Ferenc"]
[Black "Blasko, Istvan"]
[Result "0-1"]
[WhiteElo "2261"]
[BlackElo "2323"]
[PlyCount "90"]
[EventDate "2012.09.16"]
[EventType "team-tourn"]
[EventRounds "11"]
[EventCountry "HUN"]
[SourceTitle "EXT 2014"]
[Source "ChessBase"]
[SourceDate "2013.11.20"]
[SourceVersion "1"]
[SourceVersionDate "2013.11.20"]
[SourceQuality "1"]
[WhiteTeam "Pestszentlorinc"]
[BlackTeam "Matra"]
[WhiteTeamCountry "HUN"]
[BlackTeamCountry "HUN"]

1. d4 Nf6 2. c4 g6 3. Nc3 d5 4. Bf4 c5 5. Nb5 Na6 6. dxc5 Bg7 7. b4 0-0 8. Rb1 Bf5 9. Nf3 dxc4 10. e3 Bxb1 11. Qxb1 Nd5 12. Bxc4 Naxb4 13. 0-0 a6 14. Nc7 Rc8 15. Nxd5 Nxd5 16. Qxb7 Nxf4 17. exf4 Rxc5 18. Bxa6 Qd6 19. Be2 Rc2 20. Qe4 Rxa2 21. g3 e6 22. Rd1 Ra1 23. Rxa1 Bxa1 24. Bc4 Rc8 25. h4 Bf6 26. Kg2 Qc5 27. Bd3 Bd8 28. Qe2 Bb6 29. Ne5 Rd8 30. Bc4 Qd6 31. h5 Bd4 32. hxg6 hxg6 33. Nf3 Bf6 34. Qe4 Rb8 35. Be2 Rb2 36. Ne5 Bxe5 37. fxe5 Qc5 38. f4 Kg7 39. Kf3 Qg1 40. Qc4 Qh2 41. Qd3 Ra2 42. Bf1 Qh1+ 43. Ke3 Qg1+ 44. Ke4 Qf2 45. Qb3 Qe1+ 0-1

[Event "HUN-chT2 Erkel 1112"]
[Site "Hungary"]
[Date "2012.02.19"]
[Round "6.1"]
[White "Blasko, Istvan"]
[Black "Szalanczy, Emil"]
[Result "1-0"]
[WhiteElo "2321"]
[BlackElo "2347"]
[PlyCount "117"]
[EventDate "2011.09.25"]
[EventType "team-tourn"]
[EventRounds "11"]
[EventCountry "HUN"]
[SourceTitle "EXT 2013"]
[Source "ChessBase"]
[SourceDate "2012.11.22"]
[SourceVersion "1"]
[SourceVersionDate "2012.11.22"]
[SourceQuality "1"]
[WhiteTeam "Matra"]
[BlackTeam "Szigetszentmiklos"]
[WhiteTeamCountry "HUN"]
[BlackTeamCountry "HUN"]

1. d4 c5 2. d5 e6 3. c4 exd5 4. cxd5 d6 5. Nc3 g6 6. Nf3 Bg7 7. g3 Nf6 8. Bg2 0-0 9. 0-0 Re8 10. Nd2 Nbd7 11. h3 a6 12. a4 Rb8 13. Nc4 Ne5 14. Na3 Nh5 15. Kh2 f5 16. Bd2 Rf8 17. f4 Nf7 18. Nc4 b6 19. e4 Bd7 20. exf5 Bxf5 21. g4 Bd3 22. gxh5 Bxc4 23. hxg6 Ne5 24. gxh7+ Kh8 25. Qh5 Bxf1 26. Rxf1 Nc4 27. Bc1 Qe8 28. Qf3 Ne5 29. Qg3 Nf7 30. Qg6 Nh6 31. Qg3 Nf5 32. Qd3 b5 33. axb5 axb5 34. Ne4 c4 35. Qc2 Qh5 36. Ng5 Qh4 37. Ne6 Qg3+ 38. Kg1 Rf7 39. Rf3 Qg6 40. Kh2 Nh4 41. Qxg6 Nxg6 42. Rg3 Ne7 43. Be4 Bf6 44. Ng5 Rg7 45. h4 b4 46. h5 c3 47. bxc3 bxc3 48. h6 Rxg5 49. fxg5 Be5 50. Kh3 Bxg3 51. Kxg3 Rb4 52. Bc2 Rd4 53. g6 Nxg6 54. Bxg6 Rxd5 55. Be3 Rd1 56. Kf2 Rd2+ 57. Ke1 Rd5 58. Be4 c2 59. Bxd5 1-0

[Event "Budapest FS07 GM"]
[Site "Budapest"]
[Date "2011.07.04"]
[Round "3.3"]
[White "Balazs, Gabor1"]
[Black "Blasko, Istvan"]
[Result "1/2-1/2"]
[WhiteElo "2383"]
[BlackElo "2347"]
[PlyCount "104"]
[EventDate "2011.07.02"]
[EventType "tourn"]
[EventRounds "9"]
[EventCountry "HUN"]
[EventCategory "7"]
[SourceTitle "CBM 143 Extra"]
[Source "ChessBase"]
[SourceDate "2011.08.29"]
[SourceVersion "1"]
[SourceVersionDate "2011.08.29"]
[SourceQuality "1"]

1. d4 Nf6 2. c4 g6 3. Nc3 d5 4. cxd5 Nxd5 5. Bd2 Nb6 6. Bg5 Bg7 7. e3 h6 8. Bh4 c5 9. dxc5 Bxc3+ 10. bxc3 Qxd1+ 11. Rxd1 N6d7 12. e4 Nxc5 13. f3 Be6 14. Rd2 a6 15. Ne2 Nc6 16. Bf2 Na4 17. Nd4 Bd7 18. Nxc6 Bxc6 19. Bd4 0-0 20. Bc4 Rac8 21. Bb3 Bb5 22. c4 Be8 23. Kf2 Nc5 24. Be3 Kg7 25. Rhd1 Nxb3 26. axb3 b5 27. Rd8 Bc6 28. Rxf8 Rxf8 29. Bc5 Kf6 30. Bd4+ Ke6 31. cxb5 Bxb5 32. Bg7 Rc8 33. Bxh6 Rc2+ 34. Rd2 Rxd2+ 35. Bxd2 f5 36. Ke3 fxe4 37. Kxe4 Kf7 38. h4 e6 39. Bc3 Be2 40. g4 Bd1 41. b4 Bc2+ 42. Kf4 Bd3 43. Kg5 Bc2 44. Kf4 Bd3 45. h5 gxh5 46. gxh5 Bc2 47. Ke5 Bd3 48. h6 Bf5 49. Kd6 Kg6 50. Bg7 Kh7 51. Ke7 Bh3 52. Kf6 Bf5 1/2-1/2